| 000 | 01326nam a2200313 a 4500 | ||
|---|---|---|---|
| 999 |
_c442227 _d442227 |
||
| 003 | BLK | ||
| 005 | 20250715120542.0 | ||
| 008 | 180410b bul|||||r ||||||| ||bul|| | ||
| 020 | _a9786191866663 | ||
| 040 | _aBLK | ||
| 041 |
_aBUL _cBUL |
||
| 080 |
_aАнглийска литература _b821.111 _x-93-1 _z821.111-93-1 |
||
| 100 |
_9386662 _aДоналдсън, Джулия _eпърви автор |
||
| 139 |
_aДоналдсън, Джулия _bД 77 |
||
| 245 | 1 | 0 |
_aСуперчервей _cДжулия Доналдсън; ил. Аксел Шефлър; прев. Мария Донева |
| 257 | _aGBR | ||
| 260 |
_aПловдив _bЖанет 45 _c2021 _fотпеч. в Сингапур |
||
| 300 |
_a31 с. _bс цв. ил. _c26 см |
||
| 380 | _aDX | ||
| 500 | _aВъзприетата форма на името на ил. Аксел Шефлър е Аксел Шефлер; Пълната форма на името на прев. Мария Донева е Мария Донева Петрова. | ||
| 700 | 1 |
_aШефлър, Аксел _eил. _9143299 |
|
| 700 |
_aДонева, Мария _eпрев. от англ. _9243036 |
||
| 856 | 4 | _qpdf | |
| 856 | 4 | _qpdf | |
| 942 |
_cKNG _n0 _0164 _s1 |
||
| 944 |
_k30542 _lРусанова Ирена |
||
| 999 | _d442227 | ||
| 999 | _d442227 | ||